Diary of a journey across Tibet / (Record no. 234969)

000 -LEADER
fixed length control field 00720cam a22002054 4500
001 - CONTROL NUMBER
control field 16625641
003 - CONTROL NUMBER IDENTIFIER
control field Nust
005 - DATE AND TIME OF LATEST TRANSACTION
control field 20170403175301.0
008 - FIXED-LENGTH DATA ELEMENTS--GENERAL INFORMATION
fixed length control field 110126s1894 nyuabdf 001 0 eng
010 ## - LIBRARY OF CONGRESS CONTROL NUMBER
LC control number tmp96025191
040 ## - CATALOGING SOURCE
Original cataloging agency DLC
Transcribing agency DLC
Modifying agency DLC
050 10 - LIBRARY OF CONGRESS CALL NUMBER
Classification number DS785
Item number .B78 1894a
082 ## - DEWEY DECIMAL CLASSIFICATION NUMBER
Classification number 915.15
Author Mark BOW
100 1# - MAIN ENTRY--PERSONAL NAME
Personal name Bower, Hamilton,
Titles and words associated with a name Sir,
Dates associated with a name 1858-1940.
245 10 - TITLE STATEMENT
Title Diary of a journey across Tibet /
Statement of responsibility, etc. by Hamilton Bower.
260 ## - PUBLICATION, DISTRIBUTION, ETC.
Place of publication, distribution, etc. New York :
Name of publisher, distributor, etc. Macmillan & Co.,
Date of publication, distribution, etc. 1894.
300 ## - PHYSICAL DESCRIPTION
Extent xvi, 309 p., [2] fold. leaves of plates :
Other physical details ill., maps, fold. chart ;
Dimensions 23 cm.
500 ## - GENERAL NOTE
General note Includes index.
651 #0 - SUBJECT ADDED ENTRY--GEOGRAPHIC NAME
Geographic name Tibet Autonomous Region (China)
General subdivision Description and travel.
906 ## - LOCAL DATA ELEMENT F, LDF (RLIN)
a 0
b cbc
c premunv
d 3
e ncip
f 20
g y-gencatlg
942 ## - ADDED ENTRY ELEMENTS (KOHA)
Source of classification or shelving scheme
Koha item type Book
Holdings
Withdrawn status Lost status Source of classification or shelving scheme Damaged status Not for loan Permanent Location Current Location Date acquired Total Checkouts Full call number Barcode Date last seen Price effective from Koha item type
          School of Civil and Environmental Engineering (SCEE) School of Civil and Environmental Engineering (SCEE) 04/03/2017   915.15 BOW NIT-9034 04/03/2017 04/03/2017 Book
© 2023 Central Library, National University of Sciences and Technology. All Rights Reserved.